000 00763nam a2200205Ii 4500
003 JO-AjNU
008 230605s9999||||xx |||||||||||||| ||und||
040 _aJO-AjNU
_bara
_erda
_cJO-AjNU
041 _aara
050 1 4 _aPJ7521 2006
100 3 _aتاليف حمود، خضر موسى,
_eauthor
_949928
245 0 0 _aالجواحظ في الأدب العربي حياتهم-بيئتهم-نتاجهم
250 _aط1
264 3 1 _aبيروت: عالم الكتب للطباعة والنشر والتوزيع، 2006
300 _a320ص
336 _atext
_btxt
_2rdacontent
337 _aunmediated
_bn
_2rdamedia
338 _avolume
_bnc
_2rdacarrier
650 4 _aالأدباء العرب-التراجم-الأدب العربي-تاريخ ونقد
_949929
999 _aA21961
_c25529
_d25529